Statistiken für Hauptstädte, die Singapur am nächsten liegen - einminütiger Sprint

Klicken Sie hier um das Quiz zu spielen!

Allgemein

  • Dieses Quiz wurde 28 mal gespielt
  • Das Durchschnittsergebnis liegt bei 10 aus 20

Antwortstatistiken

kmHauptstadt% Korrekt
902Jakarta
96%
1426Bangkok
89%
309Kuala Lumpur
85%
2198Hanoi
81%
4465Peking
74%
4142Neu-Delhi
63%
2391Manila
59%
1142Phnom Penh
56%
1296Bandar Seri Begawan
52%
3250Taipeh
52%
2881Dhaka
48%
1855Vientiane
48%
2652Dili
44%
2720Colombo
37%
3530Kathmandu
37%
2210Naypyidaw
37%
3380Malé
33%
4813Islamabad
26%
3274Thimphu
19%
3481Ngerulmud
7%

Verteilung der Resultate

Perzentil nach korrekt beantworteten Fragen

Anzahl Personen mit jedem Resultat

Ihre Resultats-Entwicklung

Sie haben dieses Quiz noch nicht gespielt